| 000 | 01456cam a22002653a 4500 | ||
|---|---|---|---|
| 001 | 12600 | ||
| 003 | PGUSA | ||
| 005 | 20140828083254.0 | ||
| 008 | 040601s2004||||xxu|||||s|||||000 | eng d | ||
| 040 |
_aPGUSA _beng |
||
| 042 | _adc | ||
| 050 | 4 | _aPN | |
| 100 | 1 |
_aLynd, Robert, _d1879-1949 |
|
| 245 | 1 | 0 |
_aOld and New Masters _h[electronic resource] / _cRobert Lynd |
| 260 |
_bProject Gutenberg, _c2004 |
||
| 505 | 0 | _aDostoevsky the sensationalist -- Jane Austen: natural historian -- Mr. G.K. Chesterton and Mr. Hilaire Belloc -- Wordsworth -- Keats -- Henry James -- Browning: the poet of love -- The fame of J.M. Synge -- Villon: the genius of the tavern -- Pope -- James Elroy Flecker -- Turgenev -- The madness of Strindberg -- "The prince of French poets" [Ronsard] -- Rossetti and ritual -- Mr. Bernard Shaw -- Mr. Masefield's secret -- Mr. W.B. Yeats -- Tchehov: the perfect story-teller -- Lady Gregory -- Mr. Cunninghame Graham -- Swinburne -- The work of T.M. Kettle -- Mr. J.C. Squire -- Mr. Joseph Conrad -- Mr. Rudyard Kipling -- Mr. Thomas Hardy. | |
| 506 | _aPublic domain in the USA. | ||
| 516 | _aElectronic text | ||
| 653 | _aEnglish literature -- 19th century -- History and criticism | ||
| 653 | _aEnglish literature -- 20th century -- History and criticism | ||
| 653 | _aLiterature, Modern -- History and criticism | ||
| 830 | 0 |
_aProject Gutenberg _v12600 |
|
| 856 | 4 | 0 | _uhttp://www.gutenberg.org/ebooks/12600 |
| 942 | _cEB | ||
| 999 |
_c241855 _d241855 |
||